ბათუმის შოთა რუსთაველის სახელმწიფო უნივერსიტეტის ბიბლიოთეკა

სქესთა შორის ურთიერთობები / (ბიბ.ჩანაწერი № 51327)

000 -ლიდერი
ფიქსირებული სიგრძის საკონტროლო ველი 01328nam a2200277Ia 4500
001 - საკონტროლო ნომერი
საკონტროლო ველი 18296
003 - საკონტროლო ნომრის იდენტიფიკატორი
საკონტროლო ველი GE_BSU
005 - ბოლო ოპერაციის თარიღი და დრო
საკონტროლო ველი 20221130153859.0
008 - ფიქსირებული სიგრძის მონაცემთა ელემენტები - ზოგადი ინფორმაცია
ფიქსირებული სიგრძის საკონტროლო ველი 181216s2015||||ge |||||||||||||| ||geo||
020 ## - წიგნის საერთაშორისო სტანდარტული ნომერი
International Standard Book Number 9789941078811x
040 ## - კატალოგიზაციის წყარო
Transcribing agency GE_BSU
041 ## - ენის კოდი
Language code of text/sound track or separate title geo
080 ## - უნივერსალური ათობითი კლასიფიკაციის ინდექსი
Universal Decimal Classification number 159.922.1 ა-28
100 ## - მთავარი ჩანაწერი - პიროვნების სახელი
Personal name ადლერი, ალფრედ
9 (RLIN) 16213
245 ## - ცნობა სათაურის შესახებ
Title სქესთა შორის ურთიერთობები /
Statement of responsibility, etc ალფრედ ადლერი ; მთარგმნელები: ნინა და მარინა თურმანიძეები ; რედაქტორი თამაზ თურმანიძე.
264 ## - წარმოების, გამოცემის, დისტრიბუციის და სხვა ცნობები
გამოცემის, წარმოების, დისტრიბუციის... ადგილი თბილისი :
გამოცემის, წარმოების, დისტრიბუციის... სახელწოდება პეგა,
გამოცემის, წარმოების, დისტრიბუციის... თარიღი 2015.
300 ## - ფიზიკური აღწერა
Extent 193 გვ. ;
Other physical details 20 სმ.
653 ## - INDEX TERM--UNCONTROLLED
Uncontrolled term სქესის ფსიქოლოგია
653 ## - INDEX TERM--UNCONTROLLED
Uncontrolled term სქესობრივი ცხოვრების ჰიგიენა
653 ## - INDEX TERM--UNCONTROLLED
Uncontrolled term ფსიქოლოგია
700 ## - ADDED ENTRY--PERSONAL NAME
Personal name თურმანიძე, მარინა
Relator term მთარგმნელი
9 (RLIN) 11864
700 ## - ADDED ENTRY--PERSONAL NAME
Personal name თურმანიძე, ნინა
Relator term მთარგმნელი
9 (RLIN) 16256
700 ## - ADDED ENTRY--PERSONAL NAME
Personal name თურმანიძე, თამაზ
Relator term რედაქტორი
9 (RLIN) 11865
942 ## - ADDED ENTRY ELEMENTS (KOHA)
Koha item type წიგნი
Source of classification or shelving scheme
ეგზემპლარები
ჩამოწერის სტატუსი დაკარგული ეგზემპლარის სტატუსი კლასიფიკაციის წყარო ან თაროზე გაწყობის სქემა დაზიანების სტატუსი არ გაიცემა მუდმივი მდებარეობა (დაცვის ადგილი) ამჟამინდელი ადგილსამყოფელი თაროზე განთავსების ადგილი შეძენის თარიღი ღირებულება, შესყიდვის ნორმალური ფასი სრული შენახვის შიფრი შტრიხკოდი ბოლო ოპერაციის თარიღი ეგზემპლარის მიმდევრობითი ნომერი (კეტერი?) ფასის ძალაში შესვლის თარიღი ეგზემპლარის სახეობა საჯარო შენიშვნა Uniform Resource Identifier
          ბათუმის შოთა რუსთაველის სახელმწიფო უნივერსიტეტის მთავარი ბიბლიოთეკა ბათუმის შოთა რუსთაველის სახელმწიფო უნივერსიტეტის მთავარი ბიბლიოთეკა წიგნსაცავი 2018-12-17 7.20 159.922.1 ა-28 46682 2018-12-17 46682 2018-12-17 წიგნი 7 ლ. 20 თ.  
          ბათუმის შოთა რუსთაველის სახელმწიფო უნივერსიტეტის მთავარი ბიბლიოთეკა ბათუმის შოთა რუსთაველის სახელმწიფო უნივერსიტეტის მთავარი ბიბლიოთეკა წიგნსაცავი 2018-12-17 7.20 159.922.1 ა-28 46683 2018-12-17 46683 2018-12-17 წიგნი 7 ლ. 20 თ.  
          ბათუმის შოთა რუსთაველის სახელმწიფო უნივერსიტეტის მთავარი ბიბლიოთეკა ბათუმის შოთა რუსთაველის სახელმწიფო უნივერსიტეტის მთავარი ბიბლიოთეკა წიგნსაცავი 2018-12-17 6.57 159.922.1 ა-28 54530 2018-12-17 54530 2018-12-17 წიგნი 6 ლ. 57 თ.  
          ბათუმის შოთა რუსთაველის სახელმწიფო უნივერსიტეტის მთავარი ბიბლიოთეკა ბათუმის შოთა რუსთაველის სახელმწიფო უნივერსიტეტის მთავარი ბიბლიოთეკა წიგნსაცავი 2025-03-24 7.00 159.922.1 ა-28 70929 2025-03-24 70929 2025-03-24 წიგნი 7.00 ნაჩუქარი